| 000 | 00622nam a2200193 a 4500 | ||
|---|---|---|---|
| 005 | 20140412111239.0 | ||
| 008 | 001113s19uu xx 00 eng d | ||
| 020 | _a0-310-20841-6 | ||
| 050 |
_aM 428.6 _bBe415 1979 |
||
| 100 | _aBeers, V. G. (Victor Gilbert), 1928 | ||
| 245 |
_aDo you love me? / _cby Gilbert Beers ; illustrated by Jan M. Jones. |
||
| 260 |
_aGrand Rapids, MI : _bZondervan Pub. Hse, _c1976. |
||
| 300 | _a1 v. (unp.) ; ill. | ||
| 440 | _aLearning to Read from the Bible, primer 3 | ||
| 650 | _aReaders -- Bible Stories, English | ||
| 650 | _aBible stories | ||
| 650 | _aReaders | ||
| 999 |
_c102619 _d102619 |
||